[Event "Bundesliga 9495"]
[Site "Germany"]
[Date "1995.??.??"]
[Round "?.1"]
[White "Khalifman, Alexander"]
[Black "Chandler, Murray G"]
[Result "1-0"]
[WhiteElo "2635"]
[BlackElo "2545"]
[Annotator "Khalifman,A"]
[PlyCount "129"]
[EventDate "1994.10.08"]
[EventType "team-tourn"]
[EventRounds "15"]
[EventCountry "GER"]
[SourceTitle "CBM 045"]
[Source "ChessBase"]
[SourceDate "1995.04.01"]
[SourceVersion "1"]
[SourceVersionDate "1995.04.01"]
[SourceQuality "1"]
[WhiteTeam "Duisburg"]
[BlackTeam "Solingen"]
[WhiteTeamCountry "GER"]
[BlackTeamCountry "GER"]

1. d4 Nf6 2. c4 e6 3. Nf3 d5 4. Nc3 Be7 5. Bg5 O-O 6. e3 h6 7. Bh4 b6 8. Be2
Bb7 9. Bxf6 Bxf6 10. cxd5 exd5 11. b4 c5 12. bxc5 bxc5 13. Rb1 Bc6 14. O-O Nd7
15. Bb5 Qc7 16. Qd3 Rfc8 17. Rfc1 Rab8 18. h3 c4 {N} (18... g6 $6 19. Bxc6 Rxb1
(19... Qxc6 $2 20. Rxb8 Rxb8 21. dxc5 Bxc3 22. Rxc3 $1 Nxc5 23. Qc2 Rc8 24. Nd4
$18) 20. Qxb1 $1 Qxc6 21. dxc5 Qxc5 (21... Nxc5 22. Ne2 $14) 22. Ne2 Qf8 23.
Nf4 $1 (23. h4 Ne5 $1 24. Nxe5 Bxe5 $10 {Kasparov,G-Karpov,A/Sevilla(m/18)/
1987/}) 23... Nb6 24. h4 $36 {Kasparov/}) 19. Qc2 (19. Qf5 g6 20. Qf4 Qxf4 21.
exf4 Bxb5 22. Nxb5 Nf8 $13) 19... Bxb5 (19... Ba8 {Kasparov/} 20. Qf5 Nb6 21.
e4 $1 $36) 20. Nxb5 Qa5 21. Nc3 Rxb1 (21... Be7 $2 22. Qf5 Nf6 23. Rb5 $1 Qa3
24. Rcb1 $16) (21... g6 $5 22. Rxb8 Rxb8 23. e4 dxe4 24. Nxe4 Rc8 25. Nd6 Rc6
26. Nxc4 Qd5 $44) 22. Rxb1 Rb8 23. Rxb8+ Nxb8 24. e4 $1 dxe4 25. Nxe4 Qd5 26.
Nxf6+ gxf6 27. Nd2 $1 Qxd4 28. Nxc4 $14 Nc6 29. Ne3 Qa1+ 30. Kh2 Qe5+ 31. g3
Nd4 32. Qc8+ Kg7 33. Qd7 Nf3+ 34. Kg2 Ng5 35. Qg4 h5 36. Qf5 Ne6 37. h4 Nd4 38.
Qd3 Kg8 39. Kf1 Kf8 40. Kg2 Kg8 41. Kf1 f5 $6 (41... Kf8 42. Qc4 $14) 42. Qc4 (
42. Ng2 Ne6 $10) 42... f4 $6 (42... Qe4 43. Qd5 Qb1+ 44. Kg2 Qe4+ (44... Ne2 $2
45. Nxf5 $1 Qg1+ 46. Kf3 Qh1+ 47. Kxe2 Qxd5 48. Ne7+ $18) 45. Qxe4 fxe4 $14)
43. Qd5 $1 Qxd5 (43... Qf6 44. gxf4 Qxf4 45. Qxh5 $16) 44. Nxd5 fxg3 45. fxg3
$1 (45. Nf6+ Kg7 46. Nxh5+ Kg6 47. Nxg3 Nb5 $1 48. a4 (48. Ke1 Nc3 49. a3 a5
$10) 48... Nc3 49. a5 Nb5 $10) 45... Kg7 46. Kf2 Kg6 47. Ke3 Nf5+ 48. Kf4 $16
f6 49. Kf3 $1 Kg7 (49... Nd4+ 50. Ke4 Ne2 51. Nf4+ Nxf4 52. gxf4 $18) 50. Nf4
Kh6 51. Ne2 Nd6 52. Ke3 Kg6 53. Nf4+ Kh6 54. Kd3 $1 Nf5 55. Ne2 Kg6 56. Ke4 Ne7
57. Nf4+ Kh6 58. a3 (58. Nd5 $2 Nxd5 59. Kxd5 Kg6 60. Ke6 a5 61. a4 Kg7 $10)
58... Nc8 59. Kd5 Nb6+ 60. Kc6 $18 Nc4 61. a4 Nd2 62. a5 Ne4 63. Kb7 Nxg3 64.
Kxa7 Nf5 65. a6 1-0

[Event "RUS-chT 03rd"]
[Site "Kazan"]
[Date "1995.??.??"]
[Round "1"]
[White "Rashkovsky, Nukhim N"]
[Black "Khalifman, Alexander"]
[Result "0-1"]
[WhiteElo "2560"]
[BlackElo "2655"]
[Annotator "Khalifman,A"]
[PlyCount "57"]
[EventDate "1995.??.??"]
[EventType "team-tourn"]
[EventRounds "9"]
[EventCountry "RUS"]
[SourceTitle "CBM 051"]
[Source "ChessBase"]
[SourceDate "1996.04.01"]
[SourceVersion "1"]
[SourceVersionDate "1996.04.01"]
[SourceQuality "1"]
[WhiteTeam "Ekaterinburg Agat"]
[BlackTeam "Novosibirsk New Siberia"]
[WhiteTeamCountry "RUS"]
[BlackTeamCountry "RUS"]

1. d4 g6 2. e4 Bg7 3. Nc3 d6 4. Be3 a6 5. Qd2 b5 6. f3 Nd7 7. Nh3 c5 (7... Bb7
8. Be2 (8. Nf2 c5 9. d5 $5 $36) 8... c5 9. a4 b4 10. Nd1 Ngf6 11. a5 $1 Qc7 12.
c3 bxc3 13. bxc3 O-O 14. Nb2 Rfc8 15. d5 $16 {Cardoso,E-Larsen,B/Orense/1975/})
8. a4 {N/} (8. dxc5 $6 Nxc5 9. Nf2 Bb7 10. Be2 Qc7 11. a3 Rc8 $15 {Rantanen,
E-Keene,R/Gausdal/1979/}) (8. Nf2 cxd4 9. Bxd4 Ngf6 10. Be2 Bb7 11. g4 (11. O-O
O-O 12. a3 Qc7 13. Rac1 Nb6 $15 {Jimenez,Z-Keene,R/Camaguey/1974/}) (11. a3 O-O
12. h4 Nb6 13. h5 e5 14. Be3 d5 $1 15. exd5 Nbxd5 16. Bc5 Nf4 $1 $13 {Cardoso,
E-Keene,R/Nice(ol)/1974/}) 11... h6 12. a3 Ne5 13. Nd5 Nxd5 14. exd5 O-O 15. f4
Nd7 16. Bxg7 Kxg7 17. h4 {Ciocaltea,V-Botterill,J/Hastings/1971/}) 8... b4 9.
Nd1 Ngf6 10. Nhf2 (10. d5 Ne5 11. Nhf2 e6 $15) (10. dxc5 dxc5 11. e5 Nxe5 12.
Qxd8+ Kxd8 13. Bxc5 Bxh3 14. gxh3 Nxf3+ 15. Ke2 Nd7 $13) 10... O-O 11. Be2 $6 (
11. d5 $5 a5 $1 (11... Ne5 12. Be2 (12. h3 Nh5 $1 13. f4 Nd7 $36) 12... e6 $5
13. f4 Neg4 $1 14. Nxg4 (14. Bxg4 Nxg4 15. Nxg4 exd5 16. h3 d4 17. Bf2 Bb7 (
17... f5 $5 18. exf5 Re8+ 19. Kf1 Bxf5) 18. O-O Bxe4 $44) 14... Nxe4 15. Qd3
exd5 16. Qxd5 (16. O-O Bb7 $44) 16... Bxg4 17. Bxg4 Qh4+ 18. g3 Nxg3 (18...
Qxg4 19. Qxe4 Rae8 20. Qd3 $16) 19. Rg1 $5 (19. Qg5 Qxg5 20. fxg5 Nxh1 21. Bf3
Rae8 22. Kd2 Be5 23. Bxh1 Bxh2 24. Nf2 Be5 25. Nd3 $14) (19. hxg3 Qxg3+ 20. Kf1
Qxg4 21. Nf2 Qe6 22. Qxe6 fxe6 $13) 19... Ne4+ 20. Kf1 Nf6 21. Qg5 Qxh2 22. Bf3
$14) (11... Qc7 12. a5 e6 13. dxe6 fxe6 14. Bf4 $14) 12. Bb5 (12. h4 Nb6 13.
Bh6 e6 $13) 12... Nb6 13. c4 bxc3 14. Nxc3 e6 $13) (11. dxc5 dxc5 12. Be2 Qc7
$13) (11. a5 cxd4 12. Bxd4 Rb8 13. Be2 Qc7 14. O-O Nc5 15. b3 e5 16. Bb2 Be6
$13 {Chandler,M-Davies,N Hastings 1987}) 11... cxd4 12. Bxd4 a5 13. O-O Bb7 $15
14. Bb5 (14. c3 Nc5 $15) 14... Qc7 (14... e5 15. Be3 d5 16. exd5 Nxd5 17. Bg5
$13) 15. c3 (15. b3 Nc5 $15) 15... Nc5 16. Bxc5 (16. Qe3 $5) 16... dxc5 (16...
bxc3 $6 17. Bxd6 $1 cxb2 18. Nxb2 Qxd6 19. Qxd6 exd6 $13) 17. Ne3 Rfd8 18. Qe2
(18. Nd3 Ne8 $15) (18. Qc2 Bh6 $1 19. Rfe1 (19. Neg4 Nxg4 20. Nxg4 Bf4 $17)
19... Bf4 $15) 18... Ne8 $1 (18... Nh5 19. Rac1 Nf4 20. Qc2 $13) 19. Rac1 (19.
Bxe8 Rxe8 20. c4 e6 21. Rad1 b3 $1 22. Rd3 Bc6 23. Rxb3 Bxa4 $17) (19. cxb4 $5
axb4 20. Nc4 Bd4 $15) 19... Nd6 20. cxb4 (20. c4 e6 21. Rfd1 Bd4 $17) 20...
axb4 21. Rfd1 (21. Nd3 Nxb5 22. axb5 (22. Rxc5 $2 Qd6 $19) 22... Qb6 $1 23.
Nxc5 Bd4 24. Nxb7 Bxe3+ 25. Kh1 Rd2 26. Qe1 Rd7 $19) (21. Nd5 Bxd5 22. exd5
Nxb5 23. Qxb5 Rxd5 24. Qxb4 Qxh2+ 25. Kxh2 cxb4 $19) 21... Nxb5 22. Qxb5 (22.
axb5 Rxd1+ 23. Rxd1 Bd4 $17) 22... Rxd1+ (22... Bd4 23. Nd5 Bxf2+ 24. Kxf2 $13)
23. Nfxd1 (23. Nexd1 Rc8 $17) (23. Rxd1 Bd4 $17) 23... Bd4 $17 24. Qxb4 (24. b3
Qf4 $1 25. Qe2 Ba6 $17) 24... Qf4 $1 25. Qxb7 (25. Qd2 Rxa4 $17) 25... Rb8 $1 (
25... Bxe3+ 26. Kf1 Rb8 27. Qxb8+ Qxb8 28. Nxe3 $15) 26. Qxb8+ Qxb8 27. Kh1 $6
(27. Kf2 Qb4 28. Ke2 Qxa4 $19) 27... Qf4 $19 28. a5 Bxe3 29. Ra1 (29. a6 Bg1
$19) (29. Ra1 Bd4 30. a6 Qd2 $19) 0-1

[Event "RUS-chT 03rd"]
[Site "Kazan"]
[Date "1995.??.??"]
[Round "3"]
[White "Bareev, Evgeny"]
[Black "Khalifman, Alexander"]
[Result "1-0"]
[WhiteElo "2650"]
[BlackElo "2655"]
[Annotator "Bareev,E"]
[PlyCount "121"]
[EventDate "1995.??.??"]
[EventType "team-tourn"]
[EventRounds "9"]
[EventCountry "RUS"]
[SourceTitle "CBM 051"]
[Source "ChessBase"]
[SourceDate "1996.04.01"]
[SourceVersion "1"]
[SourceVersionDate "1996.04.01"]
[SourceQuality "1"]
[WhiteTeam "Azov Ladya"]
[BlackTeam "Novosibirsk New Siberia"]
[WhiteTeamCountry "RUS"]
[BlackTeamCountry "RUS"]

1. d4 {Stohl} Nf6 2. c4 c5 3. d5 b5 4. cxb5 a6 5. f3 e6 6. e4 exd5 7. exd5 (7.
e5 {Stohl} Qe7 8. Qe2 Ng8 9. Nc3 Bb7 10. f4 $5 $146 (10. Nh3 c4 (10... Qd8 11.
Nf4 Ne7 12. Nh5 Qb6 13. a4 axb5 14. Nxb5 Ng6 15. f4 Nc6 16. Qd1 Na5 17. Ra3 d4
18. Rg3 Kd8 19. Be2 Nh4 20. O-O g6 21. Nf6 Be7 22. Bg4 Bxf6 23. exf6 Re8 24. b4
$1 $16 {Arlandi,E-Belotti,B/Reggio Emilia/1994/}) 11. Be3 (11. b6 Qc5 12. Be3
d4 13. Bf2 d3 14. Qe3 Qxe3+ 15. Bxe3 Nc6 16. Nd5 O-O-O 17. f4 Nxe5 18. fxe5
Bxd5 19. Nf4 Bc6 20. Rc1 Re8 21. Rxc4 Rxe5 22. Kd2 Nf6 23. Bxd3 Ne4+ 24. Bxe4
Rxe4 25. Rxe4 Bxe4 26. Rc1+ Bc6 $13 {1/2/Del Rey,D-Renteria,J/La Coruna op/
1995/}) 11... Qb4 12. b6 Bc5 13. O-O-O Qxb6 14. Bxc5 Qxc5 15. Nf4 Ne7 16. Qd2
d4 17. Qxd4 Qxd4 18. Rxd4 Nbc6 19. Rxc4 Nxe5 20. Rb4 Bc6 21. Bxa6 $1 $18 {
Zoler,D-Mencinger,V/Groningen op/1994/}) 10... d6 (10... c4 11. Nf3 Qb4 12. a3
Qa5 13. Bd2 Bb4 14. Rd1 Bxc3 15. Bxc3 Qb6 16. e6 f6 17. exd7+ Kxd7 18. Qxc4 Ne7
19. Qd4 Qe6+ 20. Kf2 Nf5 21. Qd2 Nd6 22. Bd3 Nxb5 23. Bxb5+ axb5 24. Rhe1 Qb6+
25. Bd4 $40 {Iljushin,A-Larsky/Briansk RUS-chT/1995/}) 11. Nf3 f5 12. a4 d4 13.
bxa6 Nxa6 14. Nb5 dxe5 15. fxe5 Qe6 16. Bf4 h6 17. h4 O-O-O 18. Qc4 Bd5 19.
Nbxd4 $1 Bxc4 20. Nxe6 Bxe6 21. Bxa6+ Kc7 22. Ke2 Kb6 23. Bb5 Ne7 24. Rhd1 Nd5
25. g3 $16 {Iljin,S-Sivokho,S/St.Petersburg op/1995/}) 7... Bd6 (7... Qe7+ {
Stohl} 8. Kf2 c4 9. Nc3 axb5 10. Bf4 $1 Qc5+ 11. Be3 Qb4 12. Qe2 Be7 13. a3 Qd6
14. Nxb5 Qe5 15. Bd4 Qxe2+ 16. Nxe2 O-O 17. Nec3 Bb7 18. Bxc4 Na6 19. Rhe1 Rfc8
20. Rxe7 Rxc4 21. Bxf6 gxf6 22. Nd6 $18 {Fradkin,B-Nesterov,A/Moscow op2/1995/}
) 8. Qe2+ (8. Nc3 {Stohl} O-O 9. Bc4 Nh5 10. g3 Be5 11. Nge2 d6 12. a4 Nd7 13.
Ra3 Nb6 14. Ba2 axb5 15. Nxb5 Ba6 16. f4 Bf6 17. Nbc3 Bxc3+ 18. Nxc3 Nf6 19.
Kf2 Qd7 20. Qf3 Rfe8 21. h3 Re7 22. g4 Rae8 23. Bb1 Bb7 $36 {Vareille,F-Koch,
JR/FRA-ch Chambery/1994/}) 8... Kf8 9. Nc3 axb5 10. Be3 (10. Qxb5 {Stohl} Qc7
11. Bc4 Bxh2 12. Nge2 Bg3+ 13. Kf1 Be5 14. Be3 d6 $15 {Brasket,C-Peters,J/
USA-op Los Angeles/1991/}) (10. Nxb5 Ba6 11. Qd2 Qe7+ 12. Kf2 h6 13. Nxd6 Qxd6
14. Ne2 Qxd5 15. Qxd5 Nxd5 16. Nf4 $10 {1/2/Vasiliev,V-Kron,V/URS-sf Voronez/
1991/}) 10... c4 $1 {N/} (10... Ba6 {Stohl} 11. Qd2 c4 12. a3 Qa5 13. Rd1 b4
14. axb4 Bxb4 15. Nh3 d6 16. Be2 Nbd7 17. O-O Bc5 18. Nf2 Bxe3 19. Qxe3 Qb6 20.
Qd2 g6 21. Qh6+ Kg8 22. Rd2 $14 {Sokolov,I-Khalifman,A/Linares/1995/}) 11. Kf2
(11. Nxb5 Qa5+ (11... Bb4+ 12. Bd2 Qa5 $132) 12. Nc3 Nxd5 13. Bd2 (13. Qxc4 $2
Ba6) 13... Nb6 $5 $13) 11... Ra5 $1 $17 (11... b4 $6 12. Nb5 $16) (11... Ba6
12. a3 $13) 12. g3 (12. Ne4 Nxe4+ 13. fxe4 Qh4+) (12. a4 Ba6 $1) 12... Na6 {
Now White breaks up the Queen-side to his advantage.} (12... Bb7 $5) (12... b4
$142 $5 13. Ne4 Nxe4+ 14. fxe4 Ba6 $13) 13. a4 bxa4 $2 (13... Nb4 14. Nxb5 Nd3+
15. Kg2 Be5 16. Qd2 Nxd5 17. Bxd3 cxd3 18. Bf2 $13) (13... b4 14. Nb5) (13...
Nc7 $142 $1 14. Bb6 (14. Ne4 Qe7 15. Nxd6 Qxd6 16. Bf4 Qc5+) 14... Ra6 15. Bxc7
(15. a5 Bb7 {/\Rb6,Ncd5/}) 15... Bxc7 16. Nxb5 Bb6+ $17) 14. Qxc4 Bb7 (14...
Nc5 $2 15. b4 $1 (15. Nb5 $2 Rxb5 16. Qxb5 Ba6 $19) 15... axb3 16. Rxa5 Qxa5
17. Nb5 b2 18. Bxc5 $18) (14... Nc7 15. b4 (15. Bb6 Ra6 16. Qd4 Rxb6 17. Qxb6
Qe7 18. Nxa4 Nfxd5 $36) 15... Ra8 16. Bc5 $13) (14... a3 15. bxa3 $16 {/\} Rxa3
$2 16. Rxa3 Bxa3 17. Qa4 Bb4 18. Bxa6 Bxc3 19. Qa3+ $18) 15. Rxa4 Rxa4 16. Qxa4
Nc7 17. Qa5 (17. Ne4 Nxe4+ 18. fxe4 Qf6+ 19. Nf3 Qxb2+ 20. Be2 Ba6 21. Re1 $6 (
21. Qd1 $10) 21... Bb4 22. Kf1 Bxe1 23. Bxa6 Bb4 $1 (23... Nxa6 24. Qxd7 Qb8
25. Bf4 Qa8 26. Ng5 $18) (23... Qc3 24. Nxe1 Qxe3 25. Qb4+ $1 $18) 24. Qxd7
Qb1+ 25. Kf2 Qc2+ 26. Be2 Ne8 27. Ng5 Qc7 28. Qb5 $13) 17... Nfxd5 $10 18. Nxd5
Bxd5 19. Bb6 Bc6 20. Ne2 {[%csl Gb2,Rh8] o^b,צh8 Stohl: White is somewhat
better, as his outside passed pawn is more dangerous, also he will develop his
remainig pieces easier, than Black.} h5 $1 (20... Qf6 $6 21. Bg2 $1 (21. Bxc7
Qxf3+ 22. Ke1 Bxc7 23. Qxc7 Qxh1 24. Qd6+ Ke8 25. Qb8+ Ke7 26. Qxh8 Bg2 $132)
21... Ne6 22. b4 $16) 21. Bg2 Qb8 (21... Rh6 $2 22. Rd1 {[%cal Rd1d6] /\Rd6+-})
22. Rd1 (22. Nd4 Na8 $1) 22... Ne6 23. Nd4 (23. b4 Bc7 (23... h4 24. Rxd6 Qxd6
25. Bc5 $1 $18) 24. Bxc7 Qxc7 25. Qxc7 Nxc7 26. Nd4 $10) 23... Nxd4 (23... Be5
24. Nxc6 dxc6 25. f4 $16 Bxb2 $2 26. Qb4+) 24. Rxd4 {[%cal Rd4d6,Rb6c5] /\Rd6,
Bc5} Kg8 (24... Rh6 25. Qa7 $14) 25. Qa7 $1 {Stohl: White consequently
exchanges pieces, heading for a pleasant endgame with an outside passed pawn.}
h4 $5 (25... Rh6 $5) (25... Qf8 $142 $5) 26. Qxb8+ Bxb8 27. Rxh4 (27. b4 hxg3+
28. hxg3 Rh5 $132) 27... Rxh4 28. gxh4 Bxh2 29. Bf1 Bd6 (29... Be5 30. b4 $36)
(29... Kf8 $5 30. b4 Ke7 31. b5 Bb7 $14) 30. Bc4 g6 31. Bd4 Be7 (31... Bb4 $5
$14) 32. Kg3 Kf8 (32... d5 33. Bd3 f5 $10) 33. Bc3 {[%cal Yb2b5] /\b4-b5} d5
34. Bd3 Bd6+ 35. f4 Ke7 (35... f5 {[%csl Rf4] <=>><f4} 36. b4 (36. Be5 {Stohl}
Bb4 $14) 36... d4 37. Bd2 Ke7 $10) 36. Kg4 Bc5 (36... f5+ 37. Kg5 Kf7 $10) 37.
b4 d4 38. Bd2 Bb6 39. Kg5 $1 {Now after f5 White will have 2 dangerous outside
passed pawns.} (39. f5 Kf6 $10) 39... Bd7 (39... Bd8 40. f5 Kd6+ 41. Kg4 Bd7
$10 42. Kg3 Bxf5 43. Bxf5 gxf5 44. h5 Ke6) 40. f5 $14 gxf5 41. Bxf5 {[%csl Gb4,
Gh4] o^b,h} Bb5 42. h5 Bc7 $1 (42... d3 $5 43. h6 Bd4 44. Kf4 $16) 43. h6 Be5
44. Bc2 Bf6+ (44... d3 45. Bb3 {+/-/+-}) 45. Kf4 Bh8 46. Bb3 Kf6 (46... Bf6 47.
Ke4 Bc6+ 48. Bd5 Bb5 49. Bb3 Bc6+ 50. Kd3 Bb5+ 51. Bc4 Bd7 52. b5 Bf5+ 53. Ke2
Be4 $10) (46... Ke8 $10) 47. Ke4 Kg6 48. Kd5 {Stohl: Black managed to stop the
h-pawn, now it's the other pawn's turn.} Be2 (48... Bf6 $2 {[%cal Yf6e7,Ye7f8]
/\Be7-f8} 49. Bc4 Bd7 (49... Ba4 {Stohl} 50. b5 (50. Kd6 $18) 50... Bxb5 51.
Bxb5 Be7 52. Bd3+ f5 53. Ke6 $18) 50. Bd3+) 49. Bc4 Bf3+ (49... Bxc4+ 50. Kxc4
$18 {Stohl: Any Bishop exchange simplifies White's task significantly.}) 50.
Kd6 f5 51. b5 Bf6 52. Bd5 (52. b6 Bd8) 52... Be2 $1 (52... Be7+ $2 53. Kxe7
Bxd5 54. b6 $18) 53. b6 Ba6 54. Bf4 (54. b7 Bh4 55. Bf4 Bxb7 56. Bxb7 Bf2 57.
Bc8 Be3 $10) 54... Bh4 (54... Bd8 55. b7 Bxb7 56. Bxb7 Ba5 57. Ke7 Bb4+ 58. Ke8
d3 59. Bd5 d2 60. Bb3 Kf6 $10) 55. Bc4 (55. Kc7 Bf2 $2 (55... d3 $10 56. Bc4 $2
Bxc4 57. b7 d2) 56. Bc4 $18) 55... Bb7 56. Bg8 {[%cal Rh6h7,Rf4e5] /\h7,Be5} d3
$10 (56... Bf6 57. Bd5 Ba6 58. b7 Bxb7 59. Bxb7 Bh4 60. Bc8 Bf2 61. Bxf5+ $1
Kxf5 62. h7 $18) 57. Ke6 Bc8+ (57... Be4 $10) 58. Kd6 Bb7 (58... Bf2 59. Kc7
Ba6 60. h7 Bd4 $10) (58... Bf6 $10) 59. h7 {Stohl: By putting the pawn on a an
exposed square White robs himself of the fruit of his hard work.} (59. Bd5 Ba6
60. b7 Bxb7 (60... d2 61. b8=Q d1=Q 62. Qg8+ Kh5 63. h7 $18) 61. Bxb7 d2 62.
Bf3 $1 $18 {[%cal Yd6e6,Yf3d1,Yd1c2] /\Ke6,Bd1-c2+-} (62. Bxd2 Bg3+ 63. Ke6 f4
$10)) 59... Bf6 60. Be6 (60. Kc7 Ba6 61. b7 Bxb7 62. Kxb7 Kg7 $10 (62... Kg7 {
[%cal Rf6c3,Rd3d2] /\Bc3,d2=} 63. Bd2 f4 $1 $10)) 60... Be4 $4 {Stohl: Black
repays the favour.} (60... Kxh7 61. Bxf5+ Kg8 (61... Kg7 62. Kc7 (62. Bxd3 Bd8)
62... Bg2 63. Bxd3 Bd4 $10) 62. Bxd3 Bd8 $10) 61. Bd5 (61. Bd5 Kxh7 (61... Bxd5
62. Kxd5 Kxh7 63. b7 $18) 62. b7 d2 63. b8=Q d1=Q 64. Qg8#) 1-0

[Event "Yalta super"]
[Site "Yalta"]
[Date "1995.??.??"]
[Round "1"]
[White "Morozevich, Alexander"]
[Black "Khalifman, Alexander"]
[Result "1/2-1/2"]
[WhiteElo "2605"]
[BlackElo "2635"]
[Annotator "Shipov,S"]
[PlyCount "108"]
[EventDate "1995.??.??"]
[EventType "team"]
[EventRounds "1"]
[EventCountry "UKR"]
[SourceTitle "CBM 047 Extra"]
[Source "ChessBase"]
[SourceDate "1995.09.01"]
[SourceVersion "1"]
[SourceVersionDate "1995.09.01"]
[SourceQuality "1"]

1. e4 c5 2. Nc3 Nc6 3. Nf3 g6 4. Bb5 Bg7 5. O-O Nd4 (5... Nf6) 6. Nxd4 (6. Bc4
d6 (6... e6 7. Nxd4 cxd4 8. Nb5 $1 d5 9. exd5 exd5 10. Bxd5 Ne7 11. Bf3 d3 12.
Be4 dxc2 13. Qxc2 O-O 14. d3 Be6 $44 {Rozentalis,E-Goldin,A/Klaipeda/1988/}) 7.
d3 e6 8. Nxd4 cxd4 9. Ne2 Ne7 10. Bg5 $5 h6 11. Bd2 O-O 12. Bb3 Bd7 13. f4 a5
14. a4 Kh7 15. Ng3 f5 16. Qe2 Qc7 17. Rae1 $14 {Pomes,J-Boensh,U/Terrasa/1991/}
) (6. Re1 $5) (6. a4 $5) 6... cxd4 7. Ne2 Qb6 {N/} (7... a6 8. Bc4 d6 9. c3 Nf6
10. Nxd4 Nxe4 11. d3 Nf6 (11... Nc5 $32) 12. Qa4+ $1 Kf8 (12... Bd7 13. Qb3 $16
) (12... Nd7 13. Bxf7+ $1) 13. Qd1 $14 {Ljubicic,E-Radosaj,D/Pula/1994/}) (7...
Nf6 8. d3 O-O $1 9. h3 (9. Nxd4 $2 Qb6 10. Be3 e5 $19) (9. c3 $1 dxc3 10. bxc3
d6 11. Ba4 $16) 9... d6 10. Ba4 Nd7 11. c3 dxc3 12. Nxc3 Nc5 $10 {Lein,
A-Adianto,U/New York/1991/}) 8. a4 (8. Bd3 $5 Nf6 9. c3 dxc3 10. dxc3 O-O $1)
8... Nf6 9. Bd3 (9. e5 $2 Ng4 $17) (9. d3 O-O 10. c3 (10. Bc4 $5) 10... dxc3
11. bxc3 d5 $1 12. e5 a6 13. exf6 Bxf6 $13) 9... O-O 10. a5 Qc5 (10... Qc7 11.
c3 dxc3 12. dxc3 $14) 11. c3 dxc3 12. dxc3 d5 $1 (12... d6 13. Be3 $14) 13. e5
$1 Ng4 14. b4 Qc7 15. f4 f6 $1 16. h3 Nh6 17. exf6 $8 exf6 (17... Bxf6 18. Be3
$16) 18. Be3 Re8 (18... Rd8 $5) 19. Qd2 Bf5 20. Bb5 $1 Red8 $8 21. Nd4 Bd7 (
21... Be4 $2 22. Ne6) 22. Bd3 $14 f5 $1 (22... Re8 23. f5 $5) 23. Rac1 Kh8 $1 (
23... Nf7 24. c4 $1 $36) 24. Nf3 $1 Be6 25. Rfe1 (25. Qf2 $5) 25... Bg8 26. Bd4
Nf7 $1 27. Bxg7+ Kxg7 28. Bb5 (28. c4 dxc4 29. Rxc4 Qd6 (29... Qxc4 30. Qb2+
$18)) 28... Nd6 29. Qd4+ Kf8 30. Ba4 Ne4 $10 31. Ne5 Be6 32. Re3 (32. g4 $5)
32... Kg8 33. h4 Qg7 34. Rf1 h5 35. Rff3 Kh7 36. Bc2 Qf6 37. Rh3 $6 (37. g3 $32
) 37... Bg8 38. Bxe4 $6 (38. g3 $32 {/\Rh2/}) 38... dxe4 39. Qc5 Rd5 $8 (39...
Rdc8 40. Qd4 Rd8) 40. Qc7+ Qg7 41. Qxg7+ Kxg7 42. c4 (42. Reg3 Bf7 43. Rg5 $6
Rad8 44. Rhg3 Rxe5 $1 45. fxe5 f4 46. Rh3 Be6 $17) (42. Rh1 $5 {/\Kh2,Rc1/})
42... Rd1+ 43. Kf2 Rad8 $15 44. Re1 R8d2+ 45. Re2 Rxe2+ 46. Kxe2 Rb1 47. b5
Rb2+ 48. Ke1 $1 (48. Ke3 Rxg2 $17) 48... Rxg2 (48... Ra2 $1 49. a6 bxa6 50.
bxa6 Rxa6 51. Rb3 Be6 (51... Rb6 52. Rxb6 axb6 53. Nd7 Bxc4 54. Nxb6 Be6 55.
Kf2 $10)) 49. a6 $1 bxa6 (49... b6 $2 50. c5 bxc5 51. Rc3 $36) 50. Ra3 $1 axb5
51. Rxa7+ Kh6 52. cxb5 $10 Rb2 53. Rb7 e3 54. b6 Be6 1/2-1/2

[Event "Hoogovens"]
[Site "Wijk aan Zee"]
[Date "1995.01.??"]
[Round "1"]
[White "Van der Werf, Mark"]
[Black "Khalifman, Alexander"]
[Result "0-1"]
[WhiteElo "2415"]
[BlackElo "2635"]
[Annotator "Khalifman,A"]
[PlyCount "72"]
[EventDate "1995.01.??"]
[EventType "k.o."]
[EventRounds "5"]
[EventCountry "NED"]
[SourceTitle "CBM 045"]
[Source "ChessBase"]
[SourceDate "1995.04.01"]
[SourceVersion "1"]
[SourceVersionDate "1995.04.01"]
[SourceQuality "1"]

1. e4 c6 2. d4 d5 3. e5 Bf5 4. Bd3 Bxd3 5. Qxd3 e6 6. Ne2 Qa5+ 7. Nbc3 Ne7 8.
O-O Nd7 $5 (8... Qa6 9. Qh3 c5 10. a4 $36) 9. a4 $1 (9. Bd2 Qa6 $5) 9... c5 (
9... a6 10. b4 $1 Qc7 11. a5 $14) 10. Bd2 Qd8 11. Bg5 $5 (11. Nb5 Nf5 12. c3 a6
13. Na3 $13) 11... a6 (11... h6 $2 12. Nb5 $18) (11... cxd4 12. Nxd4 Nxe5 13.
Qg3 N5c6 14. Ndb5 Nf5 15. Qf4 Bd6 16. Qxf5 exf5 17. Bxd8 Rxd8 18. Nxd5 $13) 12.
f4 g6 13. Ng3 Qc7 (13... cxd4 14. Nce2 (14. Nce4 dxe4 15. Nxe4 Bg7 16. Qa3 $5
Kf8 $1) 14... Qc7 15. Nxd4 Nc6 16. c3 Bg7 $13) 14. f5 cxd4 (14... gxf5 15. Bxe7
Bxe7 16. Nxf5 exf5 (16... Bf8 17. Rae1 $36) 17. Nxd5 Qc6 18. Nxe7 Kxe7 19. d5
$44) 15. fxe6 fxe6 16. Qxd4 (16. Qf3 $2 dxc3 17. Qf7+ Kd8 $19) (16. Nce2 Nxe5
17. Qxd4 (17. Qb3 Nf5 18. Nxf5 gxf5 19. Nxd4 Bc5 $13) 17... Nf5 $1 18. Nxf5
gxf5 (18... Bc5 19. Ng7+ (19. Kh1 Bxd4 20. Nfxd4 Ng4 $1 $17) 19... Kd7 20. Bf4
$1 $44) 19. Qe3 Bc5 20. Nd4 Qb6 21. c3 Nc4 22. Qe2 O-O $13) 16... Qc5 $1 17.
Qxc5 Nxc5 18. Rf6 $2 (18. Bf6 Rg8 19. Nge2 (19. b4 Nd7 20. Rae1 Nf5 $17) 19...
Nc6 $15) 18... Nc6 19. Be3 $6 (19. Rb1 Nb4 $1 20. Rf2 Bg7 $17) 19... Be7 20.
Bxc5 Bxc5+ 21. Kh1 Ke7 22. Raf1 (22. Re1 Bd4 $19) 22... Rhf8 23. Rxf8 Rxf8 24.
Rxf8 (24. Re1 Bf2 25. Re2 Bd4 $19) 24... Kxf8 $19 25. Nce2 Nxe5 26. Nf4 Ke7 27.
Nge2 Nc4 28. b3 Ne3 29. c3 Kf6 30. h4 e5 31. Nd3 Bd6 32. Kg1 e4 33. Ndf4 Bxf4
34. Nxf4 Ke5 35. g3 Nf5 36. Ne2 d4 0-1

[Event "Hoogovens"]
[Site "Wijk aan Zee"]
[Date "1995.01.??"]
[Round "2"]
[White "Almasi, Zoltan"]
[Black "Khalifman, Alexander"]
[Result "1/2-1/2"]
[WhiteElo "2620"]
[BlackElo "2645"]
[Annotator "Ernst,T"]
[PlyCount "53"]
[EventDate "1995.01.??"]
[EventType "k.o."]
[EventRounds "5"]
[EventCountry "NED"]
[SourceTitle "CBM 045"]
[Source "ChessBase"]
[SourceDate "1995.04.01"]
[SourceVersion "1"]
[SourceVersionDate "1995.04.01"]
[SourceQuality "1"]

1. e4 e5 2. Nf3 Nc6 3. Bb5 f5 4. Nc3 fxe4 5. Nxe4 Nf6 {[#]} 6. Qe2 (6. Nxf6+)
6... d5 7. Nxf6+ gxf6 8. d4 Bg7 9. dxe5 O-O 10. Bxc6 bxc6 11. e6 Re8 12. O-O {
[#]} c5 $1 (12... Bxe6 13. Nd4 $14) (12... Rxe6 13. Qd3 c5 14. Rd1 $14) 13. Qb5
Bf8 14. b3 $146 (14. Bf4 Bxe6 15. Rfe1 {0,5/Sax,G-Chandler,M/Hastings/1990/})
14... Rxe6 15. Qa5 d4 16. Bf4 Bd6 17. Bxd6 Qxd6 $10 18. Rfe1 Kh8 19. Nd2 Bb7
20. Rxe6 Qxe6 21. Qxc7 {[#]} Bxg2 22. Kxg2 Qd5+ 23. f3 $8 Qg5+ 24. Kf1 Qxd2 25.
Qc6 Rg8 (25... Rf8 26. Qd6 Rg8 $10 (26... Rf7 27. Re1 $5 (27. Qb8+ $10))) 26.
Qxf6+ Rg7 27. Qf8+ 1/2-1/2